Gli Uomini Del Cremlino

Збережено в:
Бібліографічні деталі
Автор: Enzo Biagi
Формат: Книга
Мова:Невідома мова
Опубліковано: Deagostini
Теги: Додати тег
Немає тегів, Будьте першим, хто поставить тег для цього запису!

MARC

LEADER 00000nam a2200000Ia 4500
001 R-1364
003 CODICE-MESSINA
005 20260212102506.0
008 260211s9999 xx 000 0 und d
040 |c importazione_messina 
100 |a Enzo Biagi 
245 0 |a Gli Uomini Del Cremlino 
260 |b Deagostini 
942 |2 ddc  |c BK 
952 |0 0  |1 0  |2 ddc  |4 0  |6 SCAFFALE_13_000000000000000__LETTERATURA  |7 0  |9 32198  |a ME  |b ME  |d 2026-02-11  |l 0  |o SCAFFALE 13 - LETTERATURA  |p R-1364  |r 2026-02-11 23:53:02  |w 2026-02-11  |x [REVISIONARE]  |y BK 
999 |c 27865  |d 27865